000 00314nam a22001337a 4500
008 190305b xxu||||| |||| 00| 0 eng d
020 _a9780815122999
041 _aeng
080 _27th
_a616.12
100 _a7
101 _aKAR
245 _aManual of Pulmonary Function Testing
_cRuppel, G.L
942 _2udc
_cBK
999 _c54522
_d54522